Catalog

Record Details

Catalog Search



Available copies

  • 1 of 1 copy available at LARL/NWRL Consortium.
  • 1 of 1 copy available at Lake Agassiz Regional Library. (Show preferred library)

Current holds

0 current holds with 1 total copy.

Show Only Available Copies
Location Call Number / Copy Notes Barcode Shelving Location Status Due Date
Moorhead Public Library M DUN (Text) 33500011938917 Main Available -

Record details

  • ISBN: 9780758292834 :
  • ISBN: 075829283X
  • Physical Description: 294 pages ; 22 cm.
  • Edition: First Kensington hardcover editon.
  • Publisher: New York, NY : Kensington Books, 2014.

Content descriptions

Summary, etc.:
While spending a week at her friend's Christmas ... Read More
Subject: MacCrimmon, Liss (Fictitious character) > Fiction.
Murder > Investigation > Maine > Fiction.
Scottish Americans > Fiction.
Maine > Fiction.
Genre: Mystery fiction.
LDR 01790cam a2200445Ii 4500
001172501
003LARL_NWRL_CONSORTIUM
00520141119110316.0
008140207s2014 nyu 000 1 eng d
020 . ‡a9780758292834 : ‡c$24.00
020 . ‡a075829283X
020 . ‡z9781617736162 (eBook)
020 . ‡z1617736163 (eBook)
035 . ‡a(OCoLC)870199708
043 . ‡an-us-me
08204. ‡a813/.54 ‡223
1001 . ‡aDunnett, Kaitlyn. ‡0(LARL_NWRL_CONSORTIUM)197797
24510. ‡aHo-ho-homicide ‡n#8 / ‡cKaitlyn Dunnett.
250 . ‡aFirst Kensington hardcover editon.
260 . ‡aNew York, NY : ‡bKensington Books, ‡c2014.
300 . ‡a294 pages ; ‡c22 cm.
336 . ‡atext ‡btxt ‡2rdacontent
337 . ‡aunmediated ‡bn ‡2rdamedia
338 . ‡avolume ‡bnc ‡2rdacarrier
4900 . ‡aLiss MacCrimmon ; ‡v8
520 . ‡aWhile spending a week at her friend's Christmas tree farm, Liss MacCrimmon Ruskin is drawn into a mystery involving a dead body in a shipment of Scotch pine, a series of "accidents," and a strange maze of trees.
650 0. ‡aMacCrimmon, Liss (Fictitious character) ‡vFiction.
650 0. ‡aMurder ‡xInvestigation ‡zMaine ‡vFiction.
650 0. ‡aScottish Americans ‡vFiction. ‡0(LARL_NWRL_CONSORTIUM)167268
651 0. ‡aMaine ‡vFiction. ‡0(LARL_NWRL_CONSORTIUM)166017
655 7. ‡aMystery fiction. ‡2gsafd
901 . ‡a172501 ‡bOCLC ‡c172501 ‡tbiblio

Additional Resources